La formación de la sociedad capitalista en el País Vasco (1876-1913) (Record no. 109724)

000 -CABECERA
campo de control de longitud fija 00664nam#a2200241#c#4500
003 - IDENTIFICADOR DEL NÚMERO DE CONTROL
campo de control IEF
005 - FECHA Y HORA DE LA ÚLTIMA TRANSACCIÓN
campo de control 20180219170924.0
008 - CÓDIGOS DE INFORMACIÓN DE LONGITUD FIJA
campo de control de longitud fija 941205s1981 uuu####fr####| 0||u| |u
020 ## - NÚMERO INTERNACIONAL NORMALIZADO PARA LIBROS(ISBN)
Número Internacional Normalizado para Libros (ISBN) 8474070988 (O.C.)
040 ## - FUENTE DE LA CATALOGACIÓN
Centro catalogador de origen IEF
100 1# - PUNTO DE ACCESO PRINCIPAL - NOMBRE DE PERSONA
Nombre de persona González Portilla, Manuel
9 (RLIN) 19040
245 ## - MENCIÓN DE TÍTULO
Título La formación de la sociedad capitalista en el País Vasco (1876-1913)
260 ## - PUBLICACIÓN, DISTRIBUCIÓN, ETC. (PIE DE IMPRENTA)
Lugar de publicación distribución etc. San Sebastián
Nombre del editor distribuidor etc. Haranburu
Fecha de publicación distribución etc. 1981
300 ## - DESCRIPCIÓN FÍSICA
Extensión 2 v.
Dimensiones 22 cm.
490 ## - MENCIÓN DE SERIE
Mención de serie Historia;v. 14 y 15
650 #4 - PUNTO DE ACCESO ADICIONAL DE MATERIA--TÉRMINO DE MATERIA
Término de materia o nombre geográfico como elemento inicial PAIS VASCO
9 (RLIN) 47931
650 #4 - PUNTO DE ACCESO ADICIONAL DE MATERIA--TÉRMINO DE MATERIA
Término de materia o nombre geográfico como elemento inicial HISTORIA ECONOMICA
9 (RLIN) 45401
650 #4 - PUNTO DE ACCESO ADICIONAL DE MATERIA--TÉRMINO DE MATERIA
Término de materia o nombre geográfico como elemento inicial SIGLO XIX
9 (RLIN) 48415
650 #4 - PUNTO DE ACCESO ADICIONAL DE MATERIA--TÉRMINO DE MATERIA
Término de materia o nombre geográfico como elemento inicial SIGLO XX
9 (RLIN) 48420
942 ## - ELEMENTOS DE PUNTO DE ACCESO ADICIONAL (KOHA)
Tipo de ítem Koha Libros
942 ## - ELEMENTOS DE PUNTO DE ACCESO ADICIONAL (KOHA)
-- 24568
Holdings
Estado de retiro Estado de pérdida Estado dañado No para préstamo Localización permanente Fecha de adquisición Signatura topográfica completa Código de barras Fecha visto por última vez Precio válido a partir de Tipo de ítem Koha
      Disponible para préstamo IEF 1994-12-05 45879 45879 2018-02-19 2018-02-19 Libros
      Disponible para préstamo IEF 1994-12-05 45878 45878 2018-02-19 2018-02-19 Libros

Powered by Koha